Sběrné středisko : hra o 2 dějstvích /

Main Author: Kovačević, Dušan, 1948-
Other Authors: Wenigová, Irena, 1931-2021
Language: Czech
Published: Praha : Dilia, 1986
Edition: 1. [vyd.]
Physical Description: 86 s. ; 29 cm
Book
Saved in:
LEADER 00948nam a22003012a 4500
001 000321370
003 CZ BrMZK
005 20070927113050.0
007 ta
008 980105s1986 xr f cze d
015 |a cnb000030923 
020 |q (Brož.) :  |c 10 Kčs 
035 |a (OCoLC)39419499 
040 |a BOA001  |b cze 
041 1 |a cze  |h scr 
080 9 |a 886.1/.2-21 
100 1 |a Kovačević, Dušan,  |d 1948-  |7 js20020812449  |4 aut 
245 1 0 |a Sběrné středisko :  |b hra o 2 dějstvích /  |c Dušan Kovačević ; ze srbocharvátštiny přeložila Irena Wenigová 
250 |a 1. [vyd.] 
260 |a Praha :  |b Dilia,  |c 1986 
300 |a 86 s. ;  |c 29 cm 
500 |a 150 výt. 
700 1 |a Wenigová, Irena,  |d 1931-2021  |7 jk01151589  |4 trl 
765 0 |t Sabirni centar  |9 Česky 
910 |a BOA001  |b 4-0911.728 
990 |a BK 
991 |b 200709 
996 7 |b 2619847997  |c 4-0911.728  |l MZK  |r Sklad / do 1 hodiny  |n 7  |w 000321370  |u 000010  |a 1  |e BOA001  |j MZK50  |s A